Responses for Show #6248 - Wednesday, November 16, 2011

Contestants

[<< previous game]

Will Valverde, a fund-raising consultant from San Francisco, California

Ellen Lewis, a retired high school math teacher from Mount Vernon, New York

Emily Gifford, a historical researcher and writer from Middletown, Connecticut (whose 1-day cash winnings total $33,800)

[next game >>]

Jeopardy! Round responses

LET'S TAKE A BATH
VEGAS CASINO RESTAURANTS
IN THE "HOUSE"
GILLIGAN'S ISLAND
FRIEZES
THAWS
    $200 10
Rome

Will
    $200 20
Caesars Palace

Emily
    $200 1
a hothouse

Emily
    $200 11
Oahu

Ellen
    $200 6
the Amazons

Emily
    $200 18
Cuba

Will
    $400 12
Benjamin Franklin

Will
    $400 24
(Ellen: What is the Parisian?)

Paris

EllenWill
    $400 2
a lighthouse

Will
    $400 17
(Alex: Newton [*], correct.)

the Minnow

Emily
    $400 7
the disciples (or apostles)

Will
    $400 19
Vietnam

Will
    $600 13
a Turkish bath

Will
    $600 25
the Venetian

Ellen
    $600 3
the counting house

Ellen
    $600 28
Mary Ann

Emily
    $600 8
India

Emily
    $2,000 21
Nikita Khrushchev

Emily
    $800 14
salts

Emily
    $800 26
(Emily: What is King Arthur's Court?)
...
(Alex: Less than a minute.)

Excalibur

Emily
Triple Stumper
    $800 4
a teahouse

Will
    $800 29
(Kurt) Russell

Emily
    $800 9
a census

Ellen
    $800 22
Syria

Will
    $1000 15
Crete

Will
    $1000 27
(Ellen: What is New York-New York?)

the Stratosphere

EmilyEllen
    $1000 5
a porterhouse (steak)

Emily
    $1000 30
Mrs. Howell

Will
    $1000 16
the Battle of Britain

Will
    $1000 23
rapprochement

Triple Stumper

Scores at the first commercial break (after clue 15):

Emily Ellen Will
$2,800 $1,600 $3,800

Scores at the end of the Jeopardy! Round:

Emily Ellen Will
$7,000 $800 $7,600

Double Jeopardy! Round responses

SWEET TALK
BROADWAY MUSICAL STARS
I'M GONNA MOON YOU!
HERBAL MEDICINE
ON THE COAST
THAT'S SO CLICHE!
    $400 1
"Amazing Grace"

Will
    $400 6
Julie Andrews

Emily
    $400 7
waxing

Ellen
    $400 26
cranberries

Ellen
    $400 16
Daytona

Emily
    $400 19
left field

Will
    $800 2
(Will: Who is Laertes?)
(Ellen: Who is Yorick?)

Horatio

EmilyEllenWill
    $800 8
Hugh Jackman

Ellen
    $800 12
Tranquility

Emily
    $800 27
garlic

Will
    $800 17
a penguin

Will
    $800 22
paint the town red

Emily
    $1200 3
success

Ellen
    $1200 9
Bebe Neuwirth

Ellen
    $1,800 13
(Emily: What is a rocket?)

a satellite

Emily
    $1200 28
ginger

Will
    $1200 18
the Sea of Japan

Will
    $1200 23
(Alex: Right, with a minute to go.)

Waterloo

Emily
    $1600 4
Echo

Ellen
    $1600 10
Young Frankenstein

Emily
    $1600 14
crust

Emily
    $1600 29
the Kalahari

Ellen
    $1600 20
(Emily: What is the Persian Gulf?)

the Gulf of Aden

EmilyEllen
    $1600 24
long in the tooth

Will
    $1,800 5
a Grecian Urn

Ellen
    $2000 11
(Emily: Who is Behar?)

Rosie O'Donnell

Emily
Triple Stumper
    $2000 15
a terminator

Will
    $2000 30
St. John's wort

Will
    $2000 21
the Barbary Coast

Emily
    $2000 25
oil

Emily

Scores at the end of the Double Jeopardy! Round:

Emily Ellen Will
$13,200 $10,600 $17,200

[wagering suggestions for these scores]

Final Jeopardy! Round responses

INTERNATIONAL BUSINESS
EllenWhat is Tetley Tea
$600
EmilyWhat is the Mermaid Tavern?
$13,199
WillWhat is Twinings?
$9,201
Lloyd's of London

Final scores:

Emily Ellen Will
$1 $10,000 $7,999
3rd place: $1,000 New champion: $10,000 2nd place: $2,000

Game dynamics:

Coryat scores:

Emily Ellen Will
$13,600 $10,800 $17,200
21 R
(including 1 DD),
4 W
(including 1 DD)
13 R
(including 1 DD),
3 W
22 R,
1 W

Combined Coryat: $41,600

[game clues] [game scores] [suggest correction]

Game tape date: 2011-09-21
The J! Archive is created by fans, for fans. Scraping, republication, monetization, and malicious use prohibited; this site may use cookies and collect identifying information. See terms. The Jeopardy! game show and all elements thereof, including but not limited to copyright and trademark thereto, are the property of Jeopardy Productions, Inc. and are protected under law. This website is not affiliated with, sponsored by, or operated by Jeopardy Productions, Inc. Join the discussion at JBoard.tv.